000 00728cam a2200229 a 4500
001 000006148
005 20200929151942.0
008 031028s2003 sp 001 0 spa
020 _a8475225292
040 _aDO-SdBNP
_cDLC
082 _aC861.44
_bC843c
100 1 _aCote Baraibar, Ramón,
_d1963-
_917276
245 1 0 _aColección privada /
_cRamón Cote Baraibar.
260 _aMadrid :
_bVisor Libros,
_c[2003].
300 _a97 p. ;
_c20 cm.
490 1 _aVisor de Poesía ;
_vv. 529
586 _aIII Premio Casa de América de Poesía Americana.
650 4 _aPoesía colombiana
_93742
650 4 _aLiteratura colombiana
_91244
830 0 _aVisor de Poesía ;
_vv. 529
_913366
910 _aCatalogación por copia / LC
999 _c5944
_d5944